000 00359nam a2200157Ia 4500
001 9064
008 140326s9999 xx 000 0 und d
040 _cPK-LaUMT
082 _a 307.0973
_bWAR-C
100 _aWarren, Ronald L.
245 4 _aThe community in America
_cWarren, Ronald L.
260 _c1972
300 _a418 p.
546 _aEN
942 _cBK
999 _c10267
_d10267